| 000 | 00676ntaaa2200193 4500 | ||
|---|---|---|---|
| 003 | 01 | ||
| 005 | 20251027203044.0 | ||
| 008 | 0714s1973 ag 01 | ||
| 040 |
_aAR-BaBN _bspa _cAR-BaBN _eaacr _dRIC |
||
| 082 | _a225.5610 R27n | ||
| 100 |
_aBiblia. Nuevo Testamento. Castellano. Reina-Valera. 1813 _931702 |
||
| 245 | _aEl Nuevo Testamento de Nuestro Señor Jesu Christo | ||
| 250 | _a1 ed. | ||
| 260 |
_aBermondsey : _bImpreso por Diego Powell, _c1813 |
||
| 300 |
_a380 p. ; _c17 cm |
||
| 500 | _aUno de los ejemplares introducidos por Diego Thompson en 1818 en el Río de la Plata | ||
| 650 |
_aBiblia. Nuevo Testamento. Español. Reina-Valera. 1813 _931703 |
||
| 942 | _cBK | ||
| 999 |
_c25903 _d25903 |
||